Satellite Image Quiz #3 - Statistics

General Stats
  • This quiz has been taken 16 times
  • The average score is 7 of 10
Answer Stats
Picture Answer % Correct
Indonesia | East Timor
100%
Spain | Portugal
100%
Madagascar
93%
Morocco | Mauritania
93%
Chile | Bolivia | Peru
86%
Uganda | Kenya | Tanzania
79%
Myanmar | Thailand | Laos | Cambodia | Vietnam
71%
Egypt | Sudan
57%
China | Nepal
50%
Botswana | Namibia | Zambia | Zimbabwe
14%
No matching quizzes found
Score Distribution
Percent of People with Each Score
Percentile by Number Answered
Your Score History
You have not taken this quiz